000 00406nam a22001457a 4500
999 _c7974
_d7974
003 OSt
005 20200611132332.0
008 200611b ||||| |||| 00| 0 eng d
020 _a9780982622612
082 _a333.911
_bACC
100 _aAcciavatti, Anthony
245 _aGanges water machine : designing new India's ancient river
260 _a2015
_bApplied Research & Design
_c March 15, 2015
942 _2ddc